000 00587nam a2200181Ia 4500
008 230921s9999||||xx |||||||||||||| ||und||
020 _a978-3-319-77800-6
022 _a2197-8433
041 _aEN
100 _aK. G. Srinivasa, Siddesh G. M., Srinidhi H.
245 0 _aNetwork Data Analytics
250 _a1st ed. 2018
260 _c2018
_bSpringer International Publishing
440 _aComputer Communications and Networks
856 _uhttps://doi.org/10.1007/978-3-319-77800-6
856 _uhttps://link.springer.com/openurl?genre=book&isbn=978-3-319-77800-6
942 _cEB
999 _c249023
_d249023